00602nam a2200193Ii 450000100060000000300090000600800410001502000150005604000330007104100080010408200210011210000350013324500840016826400630025230000120031533600260032733700280035333800270038111996CO-ViMGA241108s9999||||xx |||||||||||||| ||und|| a8428312834 aCO-ViMGAbspaerdacCO-ViMGA0 aunk04a721.0447142 L3181 aNicolás Larburu Arrizabalaga10aEstructuras Metálicas de Acero:bCálculos fundamentales y tablas auxiliares 1a[Lugar de publicación no identificado] : Paraninfo, 1983 avolumen atextbtxt2rdacontent aunmediatedbn2rdamedia avolumebnc2rdacarrier